| 000 | 00840nam a2200241 i 4500 | ||
|---|---|---|---|
| 001 | bg | ||
| 100 | 1 | _aCZECH, Michał | |
| 245 | 1 | 0 |
_aIdentyfikacja nieliniowych równań konstytutywnych pełzania anizotropowych ciał lepkosprężystych / _cMichał Czech. |
| 260 |
_aBiałystok : _bWydawnictwa PB, _c1996. |
||
| 300 |
_a153 s. : _brys., wykr. ; _c24 cm. |
||
| 490 | 1 |
_aRozprawa Naukowa / Politechnika Białostocka, _x0867-096X ; _v35 |
|
| 504 | _aBibliogr. s. 141-150. | ||
| 650 | 9 | _aRównania konstytutywne | |
| 650 | 9 |
_aNaprężenia i odkształcenia _xteoria |
|
| 650 | 9 | _aPełzanie materiałów | |
| 650 | 9 |
_aTensory _xstosowanie |
|
| 830 | 0 |
_aRozprawa Naukowa (Politechnika Białostocka) ; _v35 |
|
| 040 | _cBPK | ||
| 041 | 0 | _apl | |
| 080 | _a539.3/.5:620.17:514.7 | ||
| 942 | _cKS | ||
| 008 | s pl f |000 0 pol | ||
| 999 |
_c31028 _d31028 |
||
| 856 |
_uhttp://koha.tu.koszalin.pl/cgi-bin/koha/opac-detail.pl?biblionumber=31028 _yKatalog online BPK |
||